000 01272nam a2200265Ia 4500
999 _c54772
_d54772
001 21840
003 GE_BSU
005 20220606174326.0
008 181216s||||||||xx |||||||||||||| ||und||
040 _cGE_BSU
041 _ageo
080 _a811.353.1(076.3) + 371.277.2 მ-97
100 _aმწყერაშვილი, ზ.
_913963
245 _aქართული ენის ტესტი : ზოგადი უნარ-ჩვევათა გამომუშავებისათვის :
_b მე-3 კლასი /
_cზ. მწყერაშვილი, ნ. მიქაია.
264 _aთბილისი :
_b[?],
_c2008.
300 _a28 გვ. ;
_c30 სმ.
500 _aწანართი : საქართველოს სახელმწელმწიფო ჰიმნი "თავისუფლება"
541 _h4 ლ.
653 _aქართული ენა
653 _aქართული ენის ტესტი
653 _aზოგადი უნარ-ჩვევათა გამომუშავებისათვის
653 _a მე-3 კლასი
700 _aმიქაია, ნ.
_eავტორი
_913997
942 _cBK
_2udc